[Event "46th Guernsey Open"]
[Site "?"]
[Date "2022.10.20"]
[Round "5"]
[White "Hafthorsson, Jon Ulfur"]
[Black "Dubois, Claude"]
[Result "1-0"]
[WhiteElo "1327"]
[BlackElo "1807"]
[PlyCount "55"]
[EventDate "2022.??.??"]

1. e4 e5 2. Nc3 Nf6 3. f4 d6 4. Nf3 Nc6 5. Bc4 Be7 6. O-O O-O 7. d4 exd4 8.
Nxd4 Bd7 9. Bb5 Nxd4 10. Qxd4 Bxb5 11. Nxb5 c5 12. Qe3 Qb6 13. c4 Qc6 14. Nc3
a6 15. b3 Rfe8 16. Bb2 Bd8 17. e5 Ba5 18. Qg3 dxe5 19. fxe5 Nh5 20. Qg4 Qg6 21.
Qd7 Rad8 22. Qxb7 Rd2 23. Na4 Red8 24. Bc3 Bxc3 25. Nxc3 Qg5 26. Qxf7+ Kh8 27.
Qf8+ Rxf8 28. Rxf8# 1-0

[Event "46th Guernsey Open"]
[Site "?"]
[Date "2022.10.20"]
[Round "5"]
[White "Rowe, Oliver"]
[Black "Remie, Peter"]
[Result "1/2-1/2"]
[WhiteElo "1515"]
[BlackElo "1749"]
[PlyCount "29"]
[EventDate "2022.??.??"]

1. d4 Nf6 2. Bf4 d5 3. e3 Bf5 4. Bd3 Bxd3 5. Qxd3 e6 6. Nf3 Bd6 7. Bxd6 Qxd6 8.
O-O O-O 9. Nbd2 Nbd7 10. c4 c5 11. cxd5 exd5 12. b3 cxd4 13. exd4 Rac8 14. Rac1
Rc7 15. Rc2 1/2-1/2

[Event "46th Guernsey Open"]
[Site "?"]
[Date "2022.10.20"]
[Round "5"]
[White "Royle, Nick"]
[Black "Owen, Garth I"]
[Result "0-1"]
[WhiteElo "1482"]
[BlackElo "1740"]
[PlyCount "58"]
[EventDate "2022.??.??"]

1. e4 c5 2. Nc3 d6 3. f4 Nc6 4. Nf3 a6 5. a4 Nf6 6. Bc4 e6 7. e5 Nd7 8. f5
Ndxe5 9. Nxe5 Nxe5 10. fxe6 Qh4+ 11. g3 Qxc4 12. exf7+ Qxf7 13. Rf1 Bg4 14.
Qxg4 Qxf1+ 15. Kxf1 Nxg4 16. Nd5 O-O-O 17. Nb6+ Kb8 18. d3 h6 19. b4 Be7 20.
bxc5 Rhf8+ 21. Kg2 Rf2+ 22. Kg1 dxc5 23. h3 Rxc2 24. hxg4 g5 25. Ba3 Rxd3 26.
a5 Rxg3+ 27. Kh1 Rd3 28. Re1 Rxa3 29. Nd5 Bd8 0-1

[Event "46th Guernsey Open"]
[Site "?"]
[Date "2022.10.20"]
[Round "5"]
[White "Murray, J Stephen"]
[Black "Harnden, Terry"]
[Result "1-0"]
[WhiteElo "1671"]
[BlackElo "1488"]
[PlyCount "55"]
[EventDate "2022.??.??"]

1. e4 c5 2. Be2 d6 3. f4 Nc6 4. Nf3 Nf6 5. d3 g6 6. O-O Bg7 7. c3 O-O 8. Kh1
Bg4 9. Be3 Qc8 10. Nbd2 b6 11. Qe1 Bxf3 12. Nxf3 Ng4 13. Bg1 f5 14. h3 Nh6 15.
Be3 e5 16. Qd2 Nf7 17. Rad1 exf4 18. Bxf4 Nce5 19. d4 Nxf3 20. Bxf3 Rb8 21.
exf5 Qxf5 22. dxc5 Qxc5 23. Bd5 Be5 24. Bxe5 dxe5 25. Rxf7 Rxf7 26. Bxf7+ Kxf7
27. Qd7+ Qe7 28. Rf1+ 1-0

[Event "46th Guernsey Open"]
[Site "?"]
[Date "2022.10.20"]
[Round "5"]
[White "Roberts, Tallulah"]
[Black "Poldermans, Daan"]
[Result "0-1"]
[WhiteElo "1521"]
[BlackElo "1626"]
[PlyCount "62"]
[EventDate "2022.??.??"]

1. c4 e5 2. g3 Nf6 3. Bg2 c6 4. Nf3 d6 5. Nc3 Be7 6. d3 h6 7. O-O O-O 8. a3 Be6
9. b4 Qd7 10. Re1 Bh3 11. Bh1 Nh5 12. d4 e4 13. Nxe4 f5 14. Ned2 f4 15. Nf1 Qg4
16. Bb2 Nd7 17. b5 Rac8 18. Rc1 Ndf6 19. Qd3 d5 20. Ne5 Qg5 21. Qg6 Ng4 22.
Qxg5 Bxg5 23. Nxg4 fxg3 24. Nxh6+ Bxh6 25. hxg3 Bxc1 26. Rxc1 Nf6 27. Nd2 Bf5
28. a4 cxb5 29. cxb5 Rxc1+ 30. Bxc1 Rc8 31. Nb3 Rc3 0-1

[Event "46th Guernsey Open"]
[Site "?"]
[Date "2022.10.20"]
[Round "5"]
[White "Goman, Colin"]
[Black "Nalichowski, Bogdan"]
[Result "1-0"]
[WhiteElo "1619"]
[BlackElo "1361"]
[PlyCount "91"]
[EventDate "2022.??.??"]

1. d4 d5 2. c4 e6 3. e3 Nf6 4. Nf3 Bd6 5. Nc3 a6 6. Bd3 c6 7. Qc2 h6 8. Bd2
Nbd7 9. e4 dxe4 10. Nxe4 Nxe4 11. Bxe4 Nf6 12. O-O Bd7 13. Rfe1 O-O 14. Rad1
Re8 15. c5 Bc7 16. b4 Rc8 17. Bd3 Nd5 18. Bc4 Kh8 19. Bxd5 cxd5 20. a4 b6 21.
Ne5 Re7 22. f4 Qe8 23. Nxd7 Qxd7 24. Qb3 f6 25. f5 e5 26. dxe5 fxe5 27. Bc3
bxc5 28. Rxd5 c4 29. Qd1 Qe8 30. Kh1 Rd8 31. Rxd8 Bxd8 32. Qd6 Bc7 33. Qxa6 Qf7
34. g4 h5 35. Qa8+ Kh7 36. Qe4 hxg4 37. f6+ g6 38. fxe7 g3 39. Qh4+ Kg7 40.
Qxg3 Qd5+ 41. Qg2 Qe6 42. Qe4 Kf7 43. Bxe5 Qxe7 44. Bxc7 Qxc7 45. Qe6+ Kf8 46.
Qe8+ 1-0

[Event "46th Guernsey Open"]
[Site "?"]
[Date "2022.10.20"]
[Round "5"]
[White "Ashbrooke, Monika"]
[Black "Berkley, Stephen W"]
[Result "0-1"]
[WhiteElo "1321"]
[BlackElo "1617"]
[PlyCount "52"]
[EventDate "2022.??.??"]

1. d4 e6 2. Bf4 d5 3. Nf3 Bd6 4. Bg3 Nf6 5. Nbd2 O-O 6. e3 b6 7. Bd3 Ba6 8. c4
c5 9. Rc1 Bb7 10. O-O Bxg3 11. fxg3 cxd4 12. exd4 dxc4 13. Nxc4 Nc6 14. Bb1 Qe7
15. Nce5 Rac8 16. Ng5 Nd8 17. Rxc8 Bxc8 18. Qd3 g6 19. h4 Nd5 20. Ne4 f6 21.
Nxg6 hxg6 22. Nd6 Ba6 23. Qxa6 Qxd6 24. Bxg6 Qxg3 25. h5 Nf4 26. Rf2 Nh3+ 0-1

[Event "46th Guernsey Open"]
[Site "?"]
[Date "2022.10.20"]
[Round "5"]
[White "Beadle, John R"]
[Black "Bennett, David"]
[Result "1-0"]
[WhiteElo "1556"]
[BlackElo "1408"]
[PlyCount "97"]
[EventDate "2022.??.??"]

1. e4 e5 2. Nf3 Nc6 3. Bb5 Nd4 4. Nxd4 exd4 5. d3 h6 6. Nd2 c6 7. Ba4 Be7 8.
O-O Nf6 9. Nf3 b5 10. Bb3 Bc5 11. a3 O-O 12. Re1 d6 13. Ba2 Bg4 14. b4 Bb6 15.
Bb2 Rc8 16. h3 Bh5 17. Qd2 Bxf3 18. gxf3 Qd7 19. Kh2 Rfe8 20. Rg1 Kf8 21. Rg2
Re5 22. f4 Re7 23. Rag1 g6 24. f5 Ng8 25. fxg6 f6 26. Bxg8 Kxg8 27. Qxh6 Rc7
28. g7 Rxg7 29. Rxg7+ Qxg7 30. Rxg7+ Rxg7 31. Qxf6 Rf7 32. Qg6+ Kf8 33. Qxd6+
Re7 34. Bxd4 Bc7 35. Bc5 Bxd6+ 36. Bxd6 Ke8 37. Bxe7 Kxe7 38. f4 Ke6 39. d4 a6
40. f5+ Kf6 41. Kg3 Ke7 42. Kf4 Kf6 43. e5+ Kf7 44. Kg5 Ke7 45. h4 Kf7 46. h5
Kg8 47. h6 Kf7 48. e6+ Kf8 49. Kf6 1-0

[Event "46th Guernsey Open"]
[Site "?"]
[Date "2022.10.21"]
[Round "6"]
[White "Hunt, Harriet V"]
[Black "Hebden, Mark L"]
[Result "0-1"]
[WhiteElo "2395"]
[BlackElo "2434"]
[PlyCount "136"]
[EventDate "2022.??.??"]

1. e4 e5 2. Nf3 Nc6 3. Bb5 a6 4. Ba4 Nf6 5. O-O Be7 6. Re1 b5 7. Bb3 O-O 8. d4
d6 9. c3 Bg4 10. d5 Na5 11. Bc2 c6 12. h3 Bc8 13. dxc6 Qc7 14. Nbd2 Qxc6 15.
Nf1 Nc4 16. a4 Be6 17. Ng5 Bd7 18. Ng3 g6 19. b3 Na5 20. Bd2 Qc7 21. axb5 axb5
22. Qe2 Rfb8 23. Ra2 Nb7 24. Rea1 Rxa2 25. Rxa2 Nc5 26. Qe3 h6 27. Nf3 Bf8 28.
b4 Na4 29. Bb3 Nb6 30. Nh2 Qc8 31. Nhf1 Be6 32. Bxe6 Qxe6 33. Ra6 Nc4 34. Qe2
Rc8 35. Bc1 h5 36. f3 Qd7 37. Qf2 Qb7 38. Ra1 Qb8 39. Ra6 Qb7 40. Ra7 Qb6 41.
Bg5 Nh7 42. Bc1 Qc6 43. Kh2 Bg7 44. Qa2 h4 45. Ne2 d5 46. Ra6 Qd7 47. Ra7 Qe8
48. exd5 e4 49. f4 Nf6 50. Ne3 Qd8 51. Nxc4 bxc4 52. f5 Nxd5 53. fxg6 Qd6+ 54.
Kh1 Qxg6 55. Qd2 Qf5 56. Qe1 Qf6 57. Ra5 Rd8 58. Rc5 e3 59. Kg1 Nxc3 60. Nxc3
Qxc3 61. Qxc3 Rd1+ 62. Kh2 Bxc3 63. Bxe3 Be1 64. Bf4 c3 65. b5 Rb1 66. Rg5+ Kh7
67. g4 Bg3+ 68. Bxg3 hxg3+ 0-1

[Event "46th Guernsey Open"]
[Site "?"]
[Date "2022.10.21"]
[Round "6"]
[White "Chatalbashev, Boris"]
[Black "Onslow, Alfie"]
[Result "1-0"]
[WhiteElo "2488"]
[BlackElo "2115"]
[PlyCount "149"]
[EventDate "2022.??.??"]

1. d4 Nf6 2. c4 e6 3. Nf3 d5 4. Nc3 Bb4 5. Qa4+ Nc6 6. e3 O-O 7. Bd2 Bd6 8. c5
Be7 9. b4 Ne4 10. b5 Nb8 11. Nxe4 dxe4 12. Ne5 f6 13. Nc4 e5 14. Bc3 Qe8 15.
dxe5 Nd7 16. exf6 Nxc5 17. Qc2 Bxf6 18. Nd2 Qe7 19. Bc4+ Kh8 20. O-O Bf5 21.
Nb3 Bxc3 22. Qxc3 Na4 23. Qc2 Nb6 24. Be2 Rac8 25. Qc5 Qf7 26. Nd4 Qg6 27. Qe5
Bd7 28. Rac1 c6 29. bxc6 Bxc6 30. h4 Bd5 31. a3 Rce8 32. Qh2 Qf6 33. Qg3 Nd7
34. Rc7 Ne5 35. Qg5 Qxg5 36. hxg5 Nc6 37. Rd1 Nxd4 38. Rxd4 Bc6 39. Bg4 a6 40.
Rd6 Re5 41. g6 Rd5 42. Rf6 Re8 43. Rff7 Rg5 44. Bf5 hxg6 45. Bh3 Rg8 46. Rfe7
Bd5 47. Bc8 Rd8 48. g3 b5 49. Bxa6 Bc4 50. Kg2 Be2 51. Rxe4 Rd1 52. Rh4+ Rh5
53. Rxh5+ gxh5 54. Rb7 Rb1 55. a4 Bd3 56. Rb8+ Kh7 57. Bxb5 Be4+ 58. f3 Rb2+
59. Kh3 Bf5+ 60. g4 hxg4+ 61. fxg4 Be4 62. Re8 Bc2 63. Rc8 Be4 64. Rc4 Bd3 65.
Rc5 Be4 66. Kg3 Kg8 67. Kf4 Bc2 68. a5 Rb4+ 69. Bc4+ Kf8 70. Ke5 Bd1 71. g5 Ke7
72. a6 Ra4 73. Bb5 Ra5 74. Kd4 Ba4 75. Bc4 1-0

[Event "46th Guernsey Open"]
[Site "?"]
[Date "2022.10.21"]
[Round "6"]
[White "Zheng, Harry Z"]
[Black "Giulian, Philip M"]
[Result "1/2-1/2"]
[WhiteElo "2049"]
[BlackElo "2131"]
[PlyCount "53"]
[EventDate "2022.??.??"]

1. e4 c6 2. d4 d5 3. e5 Bf5 4. h4 h5 5. Bd3 Bxd3 6. Qxd3 Qa5+ 7. Nd2 e6 8. Ne2
Qa6 9. c4 Ne7 10. b3 Nf5 11. Ng3 Nxg3 12. fxg3 Be7 13. O-O Nd7 14. a4 Qa5 15.
Nf3 Nf8 16. Ng5 f5 17. Bd2 Qd8 18. c5 Qd7 19. b4 Bxg5 20. Bxg5 Nh7 21. Qd2 Nxg5
22. Qxg5 Qe7 23. Kh2 Qxg5 24. hxg5 a6 25. Kh3 Kd7 26. Kh4 g6 27. Rfb1 1/2-1/2

[Event "46th Guernsey Open"]
[Site "?"]
[Date "2022.10.21"]
[Round "6"]
[White "Johnsen, Gunnar"]
[Black "Kraft, Karl Heinz"]
[Result "1/2-1/2"]
[WhiteElo "2121"]
[BlackElo "1989"]
[PlyCount "55"]
[EventDate "2022.??.??"]

1. d4 f5 2. g3 Nf6 3. Bg2 d6 4. Nf3 g6 5. O-O Bg7 6. c4 O-O 7. Nc3 Qe8 8. d5 a5
9. Nd4 Na6 10. e4 fxe4 11. Nxe4 Nxe4 12. Bxe4 Bh3 13. Re1 Nc5 14. Bh1 Qd7 15.
Bg5 Rae8 16. Qd2 a4 17. Rab1 Qg4 18. Be3 e5 19. dxe6 c6 20. b4 axb3 21. axb3
Nxe6 22. Nxe6 Rxe6 23. f3 Qf5 24. Bf2 Rfe8 25. g4 Rxe1+ 26. Rxe1 Rxe1+ 27. Qxe1
Qe5 28. Qxe5 1/2-1/2

[Event "46th Guernsey Open"]
[Site "?"]
[Date "2022.10.21"]
[Round "6"]
[White "Hewson, Brian WR"]
[Black "Jackson, Oliver A"]
[Result "1/2-1/2"]
[WhiteElo "2028"]
[BlackElo "2095"]
[PlyCount "112"]
[EventDate "2022.??.??"]

1. Nf3 d6 2. d4 Nf6 3. Nc3 Nbd7 4. e4 c5 5. e5 cxd4 6. Qxd4 dxe5 7. Nxe5 Nxe5
8. Qxe5 Bd7 9. Bb5 a6 10. Bxd7+ Nxd7 11. Qg3 g6 12. O-O Bg7 13. Rd1 Rc8 14. Rd3
O-O 15. Qh3 e6 16. Bh6 Qe7 17. Bxg7 Kxg7 18. Qe3 Nf6 19. Qe5 Qc7 20. Qxc7 Rxc7
21. Kf1 b5 22. a3 Ng4 23. Rd4 h5 24. h3 Ne5 25. Rc1 Nc4 26. Nd1 e5 27. Rd5 e4
28. c3 f5 29. Rd4 f4 30. b3 Na5 31. Rb1 Re7 32. Rd6 Rf6 33. Rxf6 Kxf6 34. Ke2
Rd7 35. Rb2 g5 36. a4 bxa4 37. bxa4 Nc4 38. Rb4 Rc7 39. Ke1 Ke5 40. Ke2 Kd5 41.
Rb8 g4 42. Rh8 f3+ 43. Kf1 fxg2+ 44. Kxg2 gxh3+ 45. Kxh3 Nb6 46. Rxh5+ Kc4 47.
a5 Na4 48. Kg3 Nxc3 49. Nxc3 Kxc3 50. Rh6 e3 51. fxe3 Kd3 52. Re6 Rc5 53. Rxa6
Kxe3 54. Re6+ Kd4 55. a6 Ra5 56. Kf4 Ra1 1/2-1/2

[Event "46th Guernsey Open"]
[Site "?"]
[Date "2022.10.21"]
[Round "6"]
[White "Villiers, Thomas"]
[Black "Rosen, Daniel B"]
[Result "1-0"]
[WhiteElo "2141"]
[BlackElo "1976"]
[PlyCount "59"]
[EventDate "2022.??.??"]

1. d4 f5 2. Bg5 h6 3. Bh4 g5 4. Bg3 Nf6 5. e3 Bg7 6. Bd3 e6 7. Nd2 b6 8. Ngf3
Bb7 9. c4 Nc6 10. Qa4 Ne7 11. O-O O-O 12. Qc2 Rc8 13. Rad1 Qe8 14. Rfe1 d6 15.
d5 exd5 16. cxd5 Nfxd5 17. e4 fxe4 18. Bxe4 Qf7 19. Qb3 g4 20. Nh4 Bd4 21. Ndf3
Bc5 22. Nd4 Bxd4 23. Rxd4 c5 24. Bxd5 Nxd5 25. Rxg4+ Kh8 26. Ng6+ Kh7 27. Qc2
Qf5 28. Nxf8+ Rxf8 29. Qxf5+ Rxf5 30. Bxd6 1-0

[Event "46th Guernsey Open"]
[Site "?"]
[Date "2022.10.21"]
[Round "6"]
[White "Cordova Lopez, Diego Anton"]
[Black "Wager, John D"]
[Result "0-1"]
[WhiteElo "2006"]
[BlackElo "2034"]
[PlyCount "42"]
[EventDate "2022.??.??"]

1. e4 c6 2. Nf3 d5 3. Nc3 Bg4 4. d4 e6 5. h3 Bh5 6. Qd3 Nf6 7. Ne5 Nbd7 8. g4
dxe4 9. Nxe4 Nxe5 10. dxe5 Qa5+ 11. Nc3 Qxe5+ 12. Be3 Bg6 13. Qe2 Bb4 14. Bd2
Qxe2+ 15. Nxe2 Bxd2+ 16. Kxd2 O-O-O+ 17. Kc1 h5 18. f3 hxg4 19. fxg4 Nxg4 20.
Rg1 Ne3 21. Nc3 Nxf1 0-1

[Event "46th Guernsey Open"]
[Site "?"]
[Date "2022.10.21"]
[Round "6"]
[White "Teeuwen, Jos"]
[Black "Santos, Joao Artur Almeida"]
[Result "0-1"]
[WhiteElo "2029"]
[BlackElo "1954"]
[PlyCount "62"]
[EventDate "2022.??.??"]

1. e4 c5 2. Nc3 Nc6 3. Bb5 Nd4 4. Nf3 a6 5. Bd3 g6 6. O-O Bg7 7. Rb1 d6 8. b4
Nf6 9. Nxd4 cxd4 10. Ne2 O-O 11. c3 dxc3 12. dxc3 Be6 13. Nd4 Bxa2 14. Rb2 Be6
15. Nxe6 fxe6 16. Qb3 d5 17. e5 Ng4 18. f4 Qb6+ 19. Kh1 Rac8 20. Re2 Nxe5 21.
Rxe5 Bxe5 22. fxe5 Rxf1+ 23. Bxf1 Qf2 24. Qd1 Rxc3 25. Bg5 d4 26. h4 Kf7 27.
Bd3 h6 28. Bc1 Qxh4+ 29. Kg1 Qg3 30. Be4 Qxe5 31. Bxb7 Qc7 0-1

[Event "46th Guernsey Open"]
[Site "?"]
[Date "2022.10.21"]
[Round "6"]
[White "Hamperl, Fred A"]
[Black "Starley, Robert"]
[Result "1-0"]
[WhiteElo "1983"]
[BlackElo "2020"]
[PlyCount "95"]
[EventDate "2022.??.??"]

1. e4 e6 2. d4 d5 3. exd5 exd5 4. c4 Bb4+ 5. Nc3 Nf6 6. Bd3 O-O 7. Nge2 dxc4 8.
Bxc4 Nc6 9. O-O Bd6 10. Nb5 Bg4 11. f3 Bf5 12. Nxd6 Qxd6 13. Bf4 Qb4 14. Qb3
Qxb3 15. axb3 Rfc8 16. Rfd1 Nb4 17. d5 a6 18. Nd4 Bg6 19. d6 b5 20. Bf1 Nfd5
21. d7 Rd8 22. Nc6 Nxf4 23. Nxb4 Bf5 24. Bxb5 a5 25. g3 Ng6 26. Nd5 Rab8 27.
Rxa5 Kf8 28. Nxc7 Ne5 29. Ba4 Nxf3+ 30. Kf2 Be4 31. Ke3 Bb7 32. Rf1 Nxh2 33.
Rf4 Ke7 34. Rh5 g5 35. Rxg5 Kd6 36. Ne8+ Ke7 37. Re5+ Kf8 38. Rh5 Nf3 39. Rxf3
Bxf3 40. Kxf3 Kg8 41. Re5 f6 42. Nxf6+ Kf7 43. Nd5 Rb7 44. Re7+ Kg6 45. Ke4 h5
46. Ke5 Ra7 47. Nf4+ Kh6 48. Ne6 1-0

[Event "46th Guernsey Open"]
[Site "?"]
[Date "2022.10.21"]
[Round "6"]
[White "Thurlow, Kevin J"]
[Black "Vernon, Guy"]
[Result "1-0"]
[WhiteElo "2019"]
[BlackElo "1766"]
[PlyCount "132"]
[EventDate "2022.??.??"]

1. c4 e5 2. Nc3 Nf6 3. Nf3 Nc6 4. e3 g6 5. d4 d6 6. Be2 Bg7 7. O-O O-O 8. b3
Nd7 9. Bb2 f5 10. Nd5 e4 11. Nd2 Ne7 12. Qc2 c6 13. Nf4 Nf6 14. h4 h6 15. d5 c5
16. a3 Qe8 17. g4 fxg4 18. Nxe4 Nxe4 19. Bxg7 Kxg7 20. Qxe4 Bf5 21. Ne6+ Kh7
22. Qg2 Bxe6 23. dxe6 h5 24. Bd3 Nc6 25. Qd5 Qe7 26. Qxh5+ Kg8 27. Qxg6+ Qg7
28. Qxg7+ Kxg7 29. Be4 Ne5 30. Rad1 Rfd8 31. f4 gxf3 32. Bxf3 Rab8 33. Rd2 Kf6
34. Bd5+ Ke7 35. Rg2 Rg8 36. Rff2 b6 37. h5 Rxg2+ 38. Rxg2 Rh8 39. Rg7+ Kf6 40.
Rxa7 Rxh5 41. Rb7 Rh3 42. Rxb6 Rxe3 43. Rxd6 Rxb3 44. e7+ Kxe7 45. Re6+ Kd7 46.
Rxe5 Rxa3 47. Kf2 Rc3 48. Re3 Rc1 49. Kf3 Rf1+ 50. Ke4 Rd1 51. Ke5 Ke7 52. Ra3
Re1+ 53. Be4 Rg1 54. Ra7+ Ke8 55. Bd5 Rg5+ 56. Kd6 Rg6+ 57. Kxc5 Rh6 58. Bc6+
Kd8 59. Kb6 Rf6 60. c5 Rh6 61. Ra8+ Ke7 62. Re8+ Kf7 63. Re3 Kf8 64. Kc7 Rh5
65. Kd6 Rh6+ 66. Re6 Rh5 1-0

[Event "46th Guernsey Open"]
[Site "?"]
[Date "2022.10.21"]
[Round "6"]
[White "De Kruif, Kees"]
[Black "Schroeder, Gerhard"]
[Result "1-0"]
[WhiteElo "1846"]
[BlackElo "2017"]
[PlyCount "77"]
[EventDate "2022.??.??"]

1. b4 a5 2. b5 c6 3. c4 d5 4. e3 Nf6 5. Bb2 Bg4 6. Be2 Bxe2 7. Qxe2 Nbd7 8. Nf3
e6 9. O-O Bd6 10. d3 Qe7 11. Nc3 O-O 12. h3 e5 13. Rfd1 a4 14. Rab1 a3 15. Ba1
dxc4 16. dxc4 Nc5 17. e4 Rad8 18. bxc6 bxc6 19. Nd2 Ne6 20. Nb3 Nf4 21. Qf3 Rd7
22. Na5 Rc7 23. Rb6 Rfc8 24. Rdb1 h6 25. Nb7 Bc5 26. R6b3 Ne6 27. Nxc5 Qxc5 28.
Rb4 Nd4 29. Qd3 Rd7 30. Na4 Qe7 31. Nb6 Rcd8 32. Nxd7 Rxd7 33. f3 Ne6 34. Qxa3
Qc5+ 35. Kh2 Kh7 36. Qc3 Rd4 37. Qc2 Qd6 38. Bxd4 Nxd4 39. Qd1 1-0

[Event "46th Guernsey Open"]
[Site "?"]
[Date "2022.10.21"]
[Round "6"]
[White "Liu, Jack"]
[Black "Nordby, Bernt"]
[Result "1/2-1/2"]
[WhiteElo "1780"]
[BlackElo "2012"]
[PlyCount "99"]
[EventDate "2022.??.??"]

1. e4 e6 2. d4 d5 3. Nc3 Bb4 4. e5 Qd7 5. Qg4 f5 6. Qg3 b6 7. Bd2 Ba6 8. Bxa6
Nxa6 9. a3 Bf8 10. Nf3 c5 11. O-O Ne7 12. Ne2 Nc6 13. c3 c4 14. Nf4 Na5 15. Be3
Nc7 16. Qh3 O-O-O 17. Rab1 Be7 18. Nh5 Rhg8 19. Nd2 Kb8 20. f4 Rdf8 21. Qf3 Ne8
22. b4 Nb7 23. Qd1 g6 24. Ng3 a6 25. Nf3 Ng7 26. Qd2 Qd8 27. Kh1 h6 28. Rb2 Ne8
29. Ne2 g5 30. Ne1 g4 31. Nc2 h5 32. a4 h4 33. Ra1 Qd7 34. Kg1 Rf7 35. Ne1 Nd8
36. Nc1 Nc7 37. Qe2 Rh7 38. Nc2 Nf7 39. Ne1 Kb7 40. Qd2 Kc8 41. Rba2 Kb7 42.
Ne2 h3 43. g3 Rhh8 44. Nc2 Ra8 45. Kf2 Rhc8 46. Qe1 Nh6 47. Qh1 Ka7 48. Bd2 Ne8
49. Ne3 Kb8 50. Qb1 1/2-1/2

[Event "46th Guernsey Open"]
[Site "?"]
[Date "2022.10.21"]
[Round "6"]
[White "Strade, Arita"]
[Black "Zeidler, Sven P"]
[Result "0-1"]
[WhiteElo "1918"]
[BlackElo "2148"]
[PlyCount "92"]
[EventDate "2022.??.??"]

1. e4 Nc6 2. Nf3 d6 3. h3 Nf6 4. Nc3 g6 5. d4 Bg7 6. d5 Nb8 7. Nd4 c6 8. Be3
cxd5 9. exd5 Nbd7 10. Bc4 O-O 11. O-O Qc7 12. Qe2 a6 13. a4 b6 14. Na2 b5 15.
axb5 Nb6 16. Bd3 Nbxd5 17. bxa6 Nxe3 18. fxe3 e5 19. Nb3 e4 20. Bb5 Nd5 21. c4
Ne7 22. Nb4 Nf5 23. Rf4 Be5 24. Rxe4 Ng3 25. Qf3 Nxe4 26. Qxe4 Bf5 27. Qb7 Qd8
28. Nd4 Qg5 29. Qf3 Bxd4 30. exd4 Qd2 31. Qc3 Qg5 32. Bc6 Ra7 33. Nd5 Bc8 34.
Bb5 Bb7 35. Ne3 Rfa8 36. Rf1 Bxa6 37. Bxa6 Rxa6 38. Nd5 Ra1 39. Qf3 Rxf1+ 40.
Qxf1 Kg7 41. b4 Qh4 42. Nf4 Re8 43. Ne2 Qe4 44. Nf4 Qxd4+ 45. Kh1 Re4 46. Nd5
Qe5 0-1

[Event "46th Guernsey Open"]
[Site "?"]
[Date "2022.10.21"]
[Round "6"]
[White "Gant, Chris J"]
[Black "Phillips, Owen S"]
[Result "1/2-1/2"]
[WhiteElo "2091"]
[BlackElo "1851"]
[PlyCount "77"]
[EventDate "2022.??.??"]

1. d4 Nf6 2. c4 e6 3. g3 Bb4+ 4. Bd2 Qe7 5. Bg2 Nc6 6. Nf3 Ne4 7. O-O Nxd2 8.
Nbxd2 Bxd2 9. Qxd2 O-O 10. d5 Nd8 11. d6 cxd6 12. Rad1 f6 13. Qxd6 Qxd6 14.
Rxd6 Nf7 15. Rd2 Rb8 16. Nd4 a6 17. b4 Ne5 18. Rc2 Nc6 19. Nxc6 bxc6 20. Rb1
Kf7 21. a4 Bb7 22. c5 Ke7 23. Rd2 Bc8 24. Rd6 Bb7 25. e3 Ba8 26. Rdd1 Rb7 27.
Bf1 Ra7 28. h4 Rb8 29. Rd2 a5 30. b5 cxb5 31. axb5 Rc7 32. Rc1 Rbc8 33. Rdc2
Be4 34. Rc3 Ra8 35. Be2 f5 36. Ra3 Rac8 37. Rac3 Ra8 38. Ra1 Rac8 39. Rac1
1/2-1/2

[Event "46th Guernsey Open"]
[Site "?"]
[Date "2022.10.21"]
[Round "6"]
[White "Mason, Donald J"]
[Black "Hoogakker, Peter"]
[Result "1-0"]
[WhiteElo "2081"]
[BlackElo "1846"]
[PlyCount "79"]
[EventDate "2022.??.??"]

1. e4 d6 2. d4 Nf6 3. Nc3 Nbd7 4. Nf3 e5 5. Rg1 exd4 6. Nxd4 Nc5 7. f3 c6 8.
Be3 Qc7 9. Qd2 Bd7 10. O-O-O O-O-O 11. g4 h6 12. Nf5 Be6 13. Qf2 Qa5 14. a3 d5
15. e5 Nfd7 16. Nd6+ Kb8 17. f4 Bxd6 18. exd6 f5 19. gxf5 Bxf5 20. Rxg7 Ne6 21.
Re7 Nf6 22. Bd4 Ng4 23. Qd2 Rhf8 24. h3 Nxd4 25. hxg4 Bxg4 26. Qxd4 Bxd1 27.
Nxd1 Rxd6 28. Qg7 Rdf6 29. Rxb7+ Ka8 30. Rb4 R8f7 31. Qg3 Qc7 32. Ba6 Qd6 33.
Qg4 Qd8 34. Qh4 Qa5 35. Bb7+ Kb8 36. Bxc6+ Kc7 37. Be8 Rf8 38. Qe1 Qc5 39. Qe5+
Rd6 40. Qe7+ 1-0

[Event "46th Guernsey Open"]
[Site "?"]
[Date "2022.10.21"]
[Round "6"]
[White "Wynarczyk, Raymond"]
[Black "Jackson, Sheila"]
[Result "0-1"]
[WhiteElo "1739"]
[BlackElo "2077"]
[PlyCount "70"]
[EventDate "2022.??.??"]

1. e4 e5 2. Nf3 Nc6 3. c3 d5 4. Qa4 f6 5. Bb5 Nge7 6. d3 Be6 7. Nbd2 a6 8.
Bxc6+ Nxc6 9. Nf1 dxe4 10. Qxe4 Qd7 11. Ng3 O-O-O 12. O-O Qxd3 13. Qxd3 Rxd3
14. Be3 Be7 15. Ne4 b6 16. Ne1 Rd7 17. f4 exf4 18. Bxf4 Rhd8 19. Nf3 Bc4 20.
Rfe1 h6 21. Be3 Bd5 22. Ng3 Bxf3 23. gxf3 Ne5 24. Kg2 Nc4 25. b3 Nxe3+ 26. Rxe3
Rd2+ 27. Re2 Rxe2+ 28. Nxe2 Rd2 29. Kf1 Bd6 30. Ke1 Rd3 31. Kf2 Bxh2 32. f4 g5
33. Rh1 Bxf4 34. Rxh6 Be5 35. Rg6 Bxc3 0-1

[Event "46th Guernsey Open"]
[Site "?"]
[Date "2022.10.21"]
[Round "6"]
[White "Eedle, Eric F"]
[Black "Curtis, John E"]
[Result "0-1"]
[WhiteElo "1667"]
[BlackElo "2046"]
[PlyCount "66"]
[EventDate "2022.??.??"]

1. d4 d6 2. e4 Nf6 3. Nc3 e5 4. Nf3 exd4 5. Nxd4 Be7 6. Bf4 O-O 7. Qd2 d5 8.
Ndb5 Bb4 9. Nxc7 Ba5 10. Nxa8 Nxe4 11. Nxe4 Bxd2+ 12. Nxd2 Re8+ 13. Kd1 Nc6 14.
Nc7 Re7 15. Nb5 Bf5 16. c3 d4 17. Bg5 f6 18. Bc4+ Kh8 19. Bf4 g5 20. Nd6 gxf4
21. Nxf5 dxc3 22. bxc3 Rd7 23. Kc1 Rxd2 24. Nh6 Ne5 25. Rb1 b6 26. Rb5 Qd7 27.
Rxe5 fxe5 28. Nf7+ Kg7 29. Nxe5 Qd6 30. Ng4 h5 31. Ne5 Rxf2 32. Nd3 Rxg2 33.
Rf1 Qa3+ 0-1

[Event "46th Guernsey Open"]
[Site "?"]
[Date "2022.10.21"]
[Round "6"]
[White "Dilleigh, Stephen P"]
[Black "Moyroud, Pierre"]
[Result "1-0"]
[WhiteElo "2041"]
[BlackElo "1705"]
[PlyCount "65"]
[EventDate "2022.??.??"]

1. Nf3 Nf6 2. c4 c6 3. Nc3 d5 4. d4 e6 5. e3 Be7 6. Qc2 O-O 7. b3 b6 8. Bd3 Bb7
9. O-O dxc4 10. bxc4 c5 11. d5 exd5 12. cxd5 Nbd7 13. e4 Bd6 14. h3 Qb8 15. Bb2
Ne5 16. Nxe5 Bxe5 17. Ne2 Re8 18. Bxe5 Qxe5 19. f4 Qe7 20. Ng3 Rac8 21. d6 Qxd6
22. e5 Qd4+ 23. Kh2 Nd5 24. Nf5 Qb4 25. a3 Qa5 26. Qf2 Rc7 27. Qg3 g6 28. Nd6
Re6 29. f5 Rxd6 30. exd6 Rd7 31. fxg6 fxg6 32. Qf2 Rd8 33. Qf7+ 1-0

[Event "46th Guernsey Open"]
[Site "?"]
[Date "2022.10.21"]
[Round "6"]
[White "Waddington, Mike P"]
[Black "Simons, Sebastiaan"]
[Result "1-0"]
[WhiteElo "2027"]
[BlackElo "1771"]
[PlyCount "69"]
[EventDate "2022.??.??"]

1. e4 Nf6 2. e5 Nd5 3. d4 d6 4. Nf3 dxe5 5. Nxe5 c6 6. c4 Nb4 7. Na3 Bf5 8. Be2
Nd7 9. Nf3 e6 10. O-O Be7 11. Bf4 O-O 12. Qb3 b6 13. Rfd1 h6 14. Rd2 g5 15. Be3
a5 16. Ne1 a4 17. Qd1 Bh7 18. Nac2 f5 19. f3 f4 20. Bf2 Nf6 21. a3 Nxc2 22.
Nxc2 Qc7 23. Bd3 Bxd3 24. Rxd3 b5 25. Qe2 Kf7 26. Re1 Qd7 27. d5 exd5 28. cxd5
Nxd5 29. Qe4 Rh8 30. Nd4 Bf6 31. Nxc6 Qxc6 32. Rxd5 Rae8 33. Qf5 Re7 34. Rxe7+
Kxe7 35. Bc5+ 1-0

[Event "46th Guernsey Open"]
[Site "?"]
[Date "2022.10.21"]
[Round "6"]
[White "Hill, Andy"]
[Black "Havenaar, Jan"]
[Result "1/2-1/2"]
[WhiteElo "1896"]
[BlackElo "2008"]
[PlyCount "104"]
[EventDate "2022.??.??"]

1. Nf3 g6 2. d4 Bg7 3. c4 d6 4. Nc3 c5 5. g3 Nc6 6. d5 Ne5 7. Nxe5 Bxe5 8. Bg2
Bd7 9. Qd3 h5 10. h4 Qb6 11. O-O Nh6 12. e4 Ng4 13. Ne2 Bg7 14. Rb1 Qa6 15. Bf4
b5 16. b3 O-O 17. f3 Ne5 18. Bxe5 Bxe5 19. f4 Bg7 20. f5 Be5 21. Nf4 Kg7 22.
Bh3 Rad8 23. Qe2 Qc8 24. cxb5 Kh6 25. a4 Rg8 26. Qf3 f6 27. fxg6 Bxf4 28. Qxf4+
Kxg6 29. Bf5+ Kf7 30. Kh2 Bxf5 31. Qxf5 Qxf5 32. Rxf5 Rg4 33. Re1 Kg6 34. Rf4
a6 35. Rxg4+ hxg4 36. bxa6 Ra8 37. Re3 Rxa6 38. Kg2 c4 39. bxc4 Rxa4 40. Rc3
Ra2+ 41. Kf1 Rd2 42. c5 dxc5 43. Rxc5 Rd4 44. Ke2 Rxe4+ 45. Kd3 Re1 46. Kd2 Re5
47. Kd3 Re1 48. Kd4 Rd1+ 49. Ke3 Rf1 50. Kd4 Rg1 51. Rc3 Kf5 52. Re3 Rd1+
1/2-1/2